000 00490nam a2200181Ia 4500
003 GCL
008 140319s9999 xx 000 0 eng d
020 _a086442728X
040 _aGCL /
_cGCL
082 0 4 _a915.93
_bC T
100 1 _aCUMMINGS, JOE
245 1 0 _aTHAILAND'S ISLANDS & BEACHES /
_cCUMMINGS, JOE
260 _aتايلانــد :
_bASIA BOOKS ،
_c2000
300 _a18 CM ؛
_c560 P
650 0 4 _aTHAILAND
650 0 4 _aTHAILAND - DESCRIPTION AND TRAVEL
942 _2ddc
_cBK
999 _c1729
_d1729